000 00465nam a2200181Ia 4500
005 20260429112226.0
008 260429s9999||||xx |||||||||||||| ||und||
020 _a9789380138145
041 _aEnglish
082 _a576.5
_bMAL
100 _aMalvee, Sangeeta
245 0 _aPrinciples of genetics /
_cSangeeta Malvee
260 _aNew Delhi :
_bSwastik Publications,
_c2025.
300 _a280 p.; hb
650 _a Genetics
650 _aBiology
942 _cTB
999 _c52988
_d52988